| 000 | 00548 a2200217 4500 | ||
|---|---|---|---|
| 005 | 20260210111959.0 | ||
| 008 | 260209b |||||||| |||| 00| 0 eng d | ||
| 020 |
_a9788119497218 _cRs. 1995.00 |
||
| 040 | _aMAIN | ||
| 082 |
_a305.409 _bJ334W |
||
| 100 | _aJairam, Bairwa | ||
| 245 | _aWomen society and culture | ||
| 260 |
_bParadise Publishers _c2024 _aJaipur |
||
| 300 | _aiii, 234 | ||
| 500 | _aN.E.T | ||
| 650 | _aSocial Science | ||
| 650 | _aSocial Groups | ||
| 650 | _aWomen | ||
| 650 | _aSocial-Cultural Aspects | ||
| 942 | _cBK | ||
| 999 |
_c394591 _d394591 |
||